| 000 | 00921nas a2200325 4500 | ||
|---|---|---|---|
| 001 | BR0303683 | ||
| 003 | BR-BrBNA | ||
| 005 | 20231205103941.0 | ||
| 007 | ta | ||
| 008 | 230509b bl.|||p| |||| 00| 00por d | ||
| 040 |
_aBR-BrBNA _bpor _cBiblioteca Nacional de Agricultura |
||
| 041 | _a(Pt) | ||
| 072 | _aL70 | ||
| 100 | 1 | _aSouza, A.H. | |
| 100 | 1 | _aValadão, C.A.A. | |
| 100 | 1 | _aQueiroz-Neto, A. | |
| 100 | 1 | _aZamur, G. | |
| 100 | 1 | _aCoelho, V. | |
| 245 | 1 | _aEfeito da injeção subcutânea de doses baixas de cetamina em eqüinos | |
| 650 | _aEQÜINO | ||
| 650 | _aINJEÇÃO | ||
| 650 | _aDOSE | ||
| 650 | _aANESTÉSICO | ||
| 650 | _aAPARELHO LOCOMOTOR | ||
| 650 | _aCOMPORTAMENTO ANIMAL | ||
| 650 | _aANÁLISE COMPARATIVA | ||
| 773 | 0 |
_tArs Veterinária (Brazil) _xISSN 0102-6380 _g(Dec 2002), v. 18(3) p.223-230 _wBR0303683 |
|
| 909 |
_a202311 _bLúcia _c55 _dLúcia Elande |
||
| 942 |
_2AGRIS _n0 _cANA |
||
| 999 |
_c175611 _d175611 |
||